000 00657nam a2200217 i 4500
001 113895
003 ES-MaACL
005 20250303062542.0
007 t|
008 061121s1904 sp |||| | spa d
100 1 _aPagano, José León.
_988256
245 1 0 _aA través de la España literaria /
_cJosé León Pagano ; prólogo de Emilia Pardo Bazán.
250 _a3ª ed.
260 _aBarcelona :
_bMaucci,
_c1904.
300 _a2 v. ;
_c19 cm.
650 4 _aEscritores españoles-
_yS.XIX.
_9145488
700 1 _aPardo Bazán, Emilia,
_cCondesa de,
_d1851-1921
_9176434
852 _aES-MaACL
_jB-9488-89
942 _2udc
999 _c113895
_d113895